000 00664nac a22001811u 4500
020 _a8120325559
082 0 0 _a658.1511
_bB3351
090 _c1054
_d1054
100 _aBattacharya, Ashish K.
245 1 0 _aPrinciples and Practice of Cost Accounting /
_cAshish K. Battacharya.
250 _a18th ed.
260 _aNew Delhi :
_bPrentice Hall of India,
_c2005.
300 _a1084 p. :
_bill. ;
_c24 cm.
500 _aIncludes index.
650 0 _aCost accounting.
942 _cBB
_k658.1511B3351
999 _c1054
_d1054